Movies That Tim Burton Remade - Statistics

General Stats
  • This quiz has been taken 24 times
  • The average score is 5 of 8
Answer Stats
1st TBV Movie % Correct
1971 2005 Charlie and the Chocolate Factory
86%
1951 2010 Alice in Wonderland
76%
1966 1989/1992 Batman/Batman Returns
71%
1941 2019 Dumbo
62%
1968 2001 Planet of the Apes
62%
1970/1971 2012 Dark Shadows
57%
1949 1999 Sleepy Hollow
57%
1984 2012 Frankenweenie
43%
No matching quizzes found
Score Distribution
Percent of People with Each Score
Percentile by Number Answered
Your Score History
You have not taken this quiz